| 000 | 01041nam a2200349 a 4500 | ||
|---|---|---|---|
| 001 | 53055 | ||
| 003 | BD-RJUL | ||
| 005 | 20211209075912.0 | ||
| 008 | 161002s1988 enka 001 0 eng d | ||
| 020 | _a0471915335 (pbk) | ||
| 020 | _a0471915327 | ||
| 035 | _a(BD-RjUL)53175 | ||
| 040 |
_aBD-RjUL _beng _cBD-RjUL |
||
| 041 | _aeng | ||
| 082 |
_a530.13 _223 _bMAS 1988 |
||
| 100 | 1 |
_aMandl, F. _q(Franz), _d1923- _9158568 |
|
| 245 | 1 | 0 |
_aStatistical physics / _cF. Mandl. |
| 250 | _a2nd ed. | ||
| 260 |
_aChichester : _bWiley, _c1988. |
||
| 300 |
_axv, 385 p. : _bill. ; _c24 cm. |
||
| 490 | 1 | _aManchester physics series. | |
| 500 | _aText on lining papers. | ||
| 500 | _aPrevious ed.: 1971. | ||
| 504 | _aIncludes bibliographical references and index. | ||
| 650 | 0 |
_aStatistical mechanics. _9117125 |
|
| 650 | 0 |
_aStatistical thermodynamics. _9158569 |
|
| 650 | 0 |
_aStatistical physics. _9158570 |
|
| 650 | 0 |
_aThermodynamics. _9158571 |
|
| 830 | 0 |
_aManchester physics series. _9158573 |
|
| 942 |
_2ddc _cBK |
||
| 999 |
_c53055 _d53055 |
||